Concelhos da Região Autónoma da Madeira - Statistics

Estatísticas Gerais
  • Esse quiz foi jogado 76 vezes
  • A pontuação média é 9 de 11
Respostas no mapa
Respostas codificadas por cores de uma escala verde-vermelha no mapa do quiz de acordo com a % correta abaixo.
 
Estatísticas das Respostas
Concelho % Correto
Funchal
95%
Porto Santo
92%
Santana
84%
Porto Moniz
81%
Santa Cruz
81%
Câmara de Lobos
78%
Machico
78%
Calheta
76%
Ponta do Sol
73%
Ribeira Brava
73%
São Vicente
73%
Nenhum quiz correspondente encontrado
Distribuição das Pontuações
Porcentagem de Pessoas com Cada Pontuação
Percentil de Números Respondidos
Sua Pontuação Histórica
Você não jogou esse quiz